Tennyson`s poetry (Record no. 4512)

MARC details
000 -LEADER
fixed length control field 00447cam a2200181ua 4500
001 - CONTROL NUMBER
control field 5335
005 - DATE AND TIME OF LATEST TRANSACTION
control field 20260515113851.0
008 - FIXED-LENGTH DATA ELEMENTS--GENERAL INFORMATION
fixed length control field 120818n ii |||gr||||Z||||||eng
020 ## - INTERNATIONAL STANDARD BOOK NUMBER
International Standard Book Number 0-393-97279-8
040 ## - CATALOGING SOURCE
Transcribing agency MAIN
082 ## - DEWEY DECIMAL CLASSIFICATION NUMBER
Classification number 821
100 1# - MAIN ENTRY--PERSONAL NAME
Personal name Hill, Robert W.,
Relator term Editor,
245 10 - TITLE STATEMENT
Title Tennyson`s poetry
Statement of responsibility, etc. by Robert W. Hill
250 ## - EDITION STATEMENT
Edition statement 2nd.
260 ## - PUBLICATION, DISTRIBUTION, ETC.
Place of publication, distribution, etc. New delhi:
Name of publisher, distributor, etc. Viva books pvt. ltd.,
Date of publication, distribution, etc. 2005.
300 ## - PHYSICAL DESCRIPTION
Extent viii;703p:
Dimensions 18cm.
942 ## - ADDED ENTRY ELEMENTS (KOHA)
Koha item type Books
Holdings
Withdrawn status Lost status Damaged status Not for loan Home library Current library Shelving location Date acquired Total checkouts Full call number Barcode Date last seen Copy number Price effective from Koha item type
        Naharkatiya College Library Naharkatiya College Library General stacks 09/19/2020   821 | TEN 19097 09/19/2020 1 09/19/2020 Books